000 00810nam a2200241Ia 4500
003 OSt
005 20251104160425.0
008 210716s2018 xx 000 0 und d
020 _a9789352137800
040 _cAIMIT LIBRARY
041 _aeng
082 _a005.76
_bMALT
100 _aMalaska, Ted.
_9243857
245 _aFoundations for architecting data solutions:
_bmanaging successful data projects /
_cBy Ted Malaska and Jonathan Seidman.
250 _a1st ed.
260 _aNew Delhi :
_bShroff Publishers and Distributors Pvt Ltd ,
_c2018.
300 _axii,173 p.;
_bPB
_c24 cm.
650 _aDistributed storage system
_9243858
650 _aMeta of enterprise data
_9243859
650 _aData processing
_9243864
700 _aSeidman, Jonathan.
_9243860
942 _2ddc
_cBK
_e1st
_k005.76 MALT
999 _c196930
_d196930